DuPont Analysis among European Dentistry Companies to Measure the Impact of the COVID-19 Pandemic
Cieľom štúdie je podhadnúť vplyv pákového efektu a jeho zmien v dôsledku pandémie COVID-19 medzi stomatologickými spoločnosťami vo vybraných európskych krajinách s rôznymi systémami zdravotného poistenia.
Na minha lista:
| Autor principal: | |
|---|---|
| Outros Autores: | |
| Formato: | Capítulo de Livro |
| Idioma: | inglês |
| Assuntos: | |
| Tags: |
Sem tags, seja o primeiro a adicionar uma tag!
|
MARC
| LEADER | 00000naa a2200000 4500 | ||
|---|---|---|---|
| 001 | 0299743 | ||
| 005 | 20240322132923.0 | ||
| 041 | 0 | |a eng | |
| 044 | |a CZ | ||
| 245 | 1 | 0 | |a DuPont Analysis among European Dentistry Companies to Measure the Impact of the COVID-19 Pandemic |c Tomas Heryan, Karin Gajdová |
| 520 | |a Cieľom štúdie je podhadnúť vplyv pákového efektu a jeho zmien v dôsledku pandémie COVID-19 medzi stomatologickými spoločnosťami vo vybraných európskych krajinách s rôznymi systémami zdravotného poistenia. | ||
| 610 | 2 | 0 | |a výkonnosť podniku |
| 610 | 2 | 0 | |a analýza finančná |
| 610 | 2 | 0 | |a ukazovatele finančné |
| 610 | 2 | 0 | |a koronavírus |
| 610 | 2 | 0 | |a pandémia |
| 610 | 2 | 0 | |a zdravotníctvo |
| 610 | 2 | 0 | |a starostlivosť zdravotná |
| 610 | 2 | 0 | |a systémy starostlivosti zdravotnej |
| 100 | 1 | |a Heryan, Tomas | |
| 700 | 1 | |a Gajdová, Karin | |